Các phương pháp triển khai công nghệ hóa học

Đã lưu trong:
书目详细资料
主要作者: Nguyễn Minh Tuyền
格式: 图书
语言:Vietnamese
出版: H. Khoa học và kỹ thuật 1987
主题:
标签: 添加标签
没有标签, 成为第一个标记此记录!
Thư viện lưu trữ: Mạng thư viện Đại học Đà Nẵng
LEADER 00938nam a2200277 4500
001 000008550
003 4740
005 20111019091033.0
008 111019s1987 viesd
041 0 |a vie 
082 |a 660.04  |b NG-T 
100 0 |a Nguyễn Minh Tuyền 
245 0 |a Các phương pháp triển khai công nghệ hóa học  |c Nguyễn Minh Tuyền 
260 |a H.  |b Khoa học và kỹ thuật  |c 1987 
300 |a 167tr.  |c 19 cm 
653 |a Công nghệ hóa học 
OWN |a LSP 
AVA |a UDN50  |b LSP  |d 660.04 NG-T  |e unavailable  |t Error 5002 Not defined in file expand_doc_bib_avail.  |f 1  |g 1  |h N  |i 0  |k 1 
999 |a From the UDN01 
AVA |a UDN50  |b LSP  |d 660.04 NG-T  |e unavailable  |t Error 5002 Not defined in file expand_doc_bib_avail.  |f 1  |g 1  |h N  |i 0  |k 1 
TYP |a Monograph 
TYP |a Printed language 
980 |a Mạng thư viện Đại học Đà Nẵng